Futures and options in risk management

Αποθηκεύτηκε σε:
Λεπτομέρειες βιβλιογραφικής εγγραφής
Κύριος συγγραφέας: Watsham, Terry J.
Μορφή: Βιβλίο
Γλώσσα:English
Δημοσίευση: London : International Thomson Business Press, c1998
Έκδοση:2nd ed.
Θέματα:
Ετικέτες: Προσθήκη ετικέτας
Δεν υπάρχουν, Καταχωρήστε ετικέτα πρώτοι!

MARC

LEADER 00000cam a2200000 i 4500
001 1/10085
008 000829s1998 eng d
020 |a 1-86152-379-3 
035 |l 10063304 
040 |a GR-MY-UA  |b gre  |e aacr 
041 0 |a eng 
082 0 |a 658.155 
100 1 |a Watsham, Terry J. 
245 1 0 |a Futures and options in risk management /  |c Terry J. Watsham 
250 |a 2nd ed. 
260 |a London :   |b International Thomson Business Press,   |c c1998 
300 |a xi, 606 p.;  |b πίν., διαγράμ.;  |c 25 cm 
500 |a Includes index 
650 0 0 |a Risk management. 
852 |a INST  |b CHIOS  |e 20000829  |h 658.155 WAT  |p 005200018011  |q 005200018011  |t BK  |y 0 
901 |a BIBL2-2000-2 
909 |a Χ  |b 075811 
970 |z 2000/08/ΣΟΦΙΑ